000 00450cam a2200181ua 4500
020 _cRs 15.00
041 _aeng
_h
082 _a658.011
_bAST/GR
100 _aAsthana , G P .
245 _aGroundwork of management /
_cG P Asthana.
_hTextual Documents
250 _a2 /
_b.
260 _aAgra :
_bShivalal Agarwal & Company ,
_c1972.
300 _a332 ; .
365 _aRs 15.00
504 _a
942 _cBK
999 _c2267
_d2267